Prefabrication and preassembly (Record no. 101800)
[ view plain ]
| 000 -LEADER | |
|---|---|
| fixed length control field | 00785cam a2200229 4500 |
| 008 - FIXED-LENGTH DATA ELEMENTS--GENERAL INFORMATION | |
| fixed length control field | 011210n1998 000 0 eng u |
| 020 ## - INTERNATIONAL STANDARD BOOK NUMBER | |
| International Standard Book Number | 0860225054 |
| 035 ## - SYSTEM CONTROL NUMBER | |
| System control number | (Sirsi) u115919 |
| 050 04 - LIBRARY OF CONGRESS CALL NUMBER | |
| Classification number | 693.97 $2 18 |
| 100 1# - MAIN ENTRY--PERSONAL NAME | |
| Personal name | Wilson, D. |
| 245 00 - TITLE STATEMENT | |
| Title | Prefabrication and preassembly |
| Remainder of title | applying the techniques to building engineering services |
| 260 ## - PUBLICATION, DISTRIBUTION, ETC. | |
| Place of publication, distribution, etc. | Bracknell |
| Name of publisher, distributor, etc. | BSRIA |
| Date of publication, distribution, etc. | 1998 |
| 300 ## - PHYSICAL DESCRIPTION | |
| Extent | vi, 149p. |
| Other physical details | ill. |
| Dimensions | 30cm. |
| 350 ## - PRICE (NR) (BK AM CF MU VM SE) [OBSOLETE] | |
| Price | 99 |
| 490 #0 - SERIES STATEMENT | |
| Series statement | BSRIA Advanced Construction Techniques |
| Volume/sequential designation | ACT 1/99 |
| 520 ## - SUMMARY, ETC. | |
| Summary, etc. | Contains the finding of a research project into the succesful application of prefabrication and preassembly techniques to M&E services. |
| 651 #4 - SUBJECT ADDED ENTRY--GEOGRAPHIC NAME | |
| Geographic name | United Kingdom |
| Chronological subdivision | |
| 690 ## - LOCAL SUBJECT ADDED ENTRY--TOPICAL TERM (OCLC, RLIN) | |
| Topical term or geographic name as entry element | Block management |
| 9 (RLIN) | 6220 |
| 700 1# - ADDED ENTRY--PERSONAL NAME | |
| Personal name | Smith, M. |
| 700 1# - ADDED ENTRY--PERSONAL NAME | |
| Personal name | Deal, J. |
| 942 ## - ADDED ENTRY ELEMENTS (KOHA) | |
| Suppress in OPAC | 0 |
| Withdrawn status | Lost status | Source of classification or shelving scheme | Damaged status | Not for loan | Home library | Current library | Shelving location | Date acquired | Cost, normal purchase price | Total Checkouts | Full call number | Barcode | Date last seen | Date last checked out | Copy number | Cost, replacement price | Price effective from | Koha item type |
|---|---|---|---|---|---|---|---|---|---|---|---|---|---|---|---|---|---|---|
| Dewey Decimal Classification | London | London | Folio | 30/01/2002 | 93.50 | 9 | F693.97 WIL | 30065245 | 06/08/2019 | 16/07/2008 | 1 | 93.50 | 06/08/2019 | Book |